000 01384nam a2200373Ia 4500
001 ebr10218254
003 CaPaEBR
006 m u
007 cr cn|||||||||
008 051012s2006 caua sb 001 0 eng d
010 _z 2005935565
020 _z1412922941
020 _z9781412922944
020 _z141292295X (pbk.)
020 _z9781412922951 (pbk.)
020 _z9781847878588
040 _aCaPaEBR
_cCaPaEBR
035 _a(OCoLC)290535003
050 1 4 _aG155.7
_b.S53 2006eb
082 0 4 _a338.4/791
_222
100 1 _aSharpley, Richard,
_d1956-
245 1 0 _aTravel and tourism
_h[electronic resource] /
_cRichard Sharpley.
260 _aThousand Oaks, CA :
_bSage Publications,
_c2006.
300 _avi, 232 p. :
_bill.
490 1 _aSage course companions
504 _aIncludes bibliographical references (p. [227]-229) and index.
533 _aElectronic reproduction.
_bPalo Alto, Calif. :
_cebrary,
_d2009.
_nAvailable via World Wide Web.
_nAccess may be limited to ebrary affiliated libraries.
650 0 _aTourism
_xStudy and teaching (Higher)
650 0 _aTravel
_xStudy and teaching (Higher)
655 7 _aElectronic books.
_2local
710 2 _aebrary, Inc.
830 0 _aSAGE course companions.
856 4 0 _uhttp://site.ebrary.com/lib/rucke/Doc?id=10218254
_zAn electronic book accessible through the World Wide Web; click to view
999 _c129986
_d129986